[Event "Ruhrgebiet Regionalliga 1819"]
[Site "Nordrheinwestfalen"]
[Date "2019.06.02"]
[Round "11.8"]
[White "Witthaus, Martin"]
[Black "Hoettler, Alexander Walter"]
[Result "1/2-1/2"]
[WhiteElo "1755"]
[BlackElo "1758"]
[PlyCount "49"]
[EventDate "2018.09.02"]
[EventType "team-tourn"]
[EventRounds "11"]
[EventCountry "GER"]
[SourceTitle "EXT 2022"]
[Source "ChessBase"]
[SourceDate "2021.10.06"]
[SourceVersion "1"]
[SourceVersionDate "2021.10.06"]
[SourceQuality "1"]
[WhiteTeam "Eichlinghofen SV"]
[BlackTeam "Welper SV"]
[WhiteTeamCountry "GER"]
[BlackTeamCountry "GER"]

1. d4 Nf6 2. c4 c5 3. Nf3 cxd4 4. Qxd4 Nc6 5. Qd1 e6 6. Nc3 Bb4 7. Bd2 0-0 8. e3 d5 9. Be2 Re8 10. 0-0 dxc4 11. Bxc4 a6 12. a3 Bd6 13. Rc1 Qe7 14. e4 Ne5 15. Nxe5 Bxe5 16. Qe2 b5 17. Ba2 Bb7 18. f3 Red8 19. Be3 Qd6 20. g3 Qd3 21. Kf2 Rac8 22. Qxd3 Rxd3 23. Rfd1 Rxd1 24. Rxd1 h6 25. Bd4 1/2-1/2

[Event "Ruhrgebiet VK3 1213"]
[Site "Nordrheinwestfalen"]
[Date "2013.02.03"]
[Round "6"]
[White "Witthaus, Martin"]
[Black "Elsner, Mario"]
[Result "0-1"]
[WhiteElo "1634"]
[BlackElo "1775"]
[PlyCount "72"]
[EventDate "2012.09.02"]
[EventType "team-tourn"]
[EventRounds "9"]
[EventCountry "GER"]
[SourceTitle "EXT 2020"]
[Source "ChessBase"]
[SourceDate "2019.10.17"]
[SourceVersion "1"]
[SourceVersionDate "2019.10.17"]
[SourceQuality "1"]
[WhiteTeam "Eichlinghofen SV II"]
[BlackTeam "Unser Fritz"]
[WhiteTeamCountry "GER"]
[BlackTeamCountry "GER"]

1. d4 g6 2. c4 Bg7 3. Nf3 c5 4. e3 Nf6 5. Be2 0-0 6. 0-0 cxd4 7. exd4 d5 8. Nc3 Nc6 9. h3 e6 10. Be3 b6 11. Qa4 Bb7 12. cxd5 Nxd5 13. Rac1 Nxe3 14. fxe3 a6 15. Nd1 b5 16. Qb3 Qd6 17. Nf2 Ne7 18. Qd3 Nf5 19. Rfe1 Rac8 20. Rxc8 Rxc8 21. Ne4 Qb4 22. Rb1 Bh6 23. Nf6+ Kg7 24. Ng4 Ng3 25. Nd2 Nxe2+ 26. Qxe2 Rc2 27. Qf1 f5 28. Rc1 Qxd2 29. Rxc2 Qxc2 30. Nxh6 Kxh6 31. Qf4+ g5 32. Qg3 Qe4 33. h4 Qxh4 34. Qd6 Qe4 35. Qf8+ Kh5 36. Qf7+ Kg4 0-1

[Event "Ruhrgebiet VK3 1213"]
[Site "Nordrheinwestfalen"]
[Date "2012.10.28"]
[Round "3"]
[White "Witthaus, Martin"]
[Black "Schroelkamp, Carsten"]
[Result "1-0"]
[WhiteElo "1634"]
[BlackElo "1529"]
[PlyCount "63"]
[EventDate "2012.09.02"]
[EventType "team-tourn"]
[EventRounds "9"]
[EventCountry "GER"]
[SourceTitle "EXT 2020"]
[Source "ChessBase"]
[SourceDate "2019.10.17"]
[SourceVersion "1"]
[SourceVersionDate "2019.10.17"]
[SourceQuality "1"]
[WhiteTeam "Eichlinghofen SV II"]
[BlackTeam "Brackel SF III"]
[WhiteTeamCountry "GER"]
[BlackTeamCountry "GER"]

1. d4 d5 2. c4 c6 3. e3 e6 4. Nf3 Nf6 5. Nc3 a6 6. b3 Bd6 7. Bd3 0-0 8. 0-0 Nbd7 9. b4 e5 10. cxd5 cxd5 11. dxe5 Nxe5 12. Be2 Nxf3+ 13. Bxf3 Bxh2+ 14. Kxh2 Qc7+ 15. Kg1 Qxc3 16. Rb1 Bf5 17. Bb2 Qd3 18. Rc1 Rac8 19. Rxc8 Rxc8 20. Bxf6 gxf6 21. Qxd3 Bxd3 22. Rd1 Be4 23. Bxe4 dxe4 24. Rd7 Rb8 25. Kh2 Kg7 26. Kg3 f5 27. Kf4 Kf6 28. Rd6+ Ke7 29. Rb6 Rd8 30. Rxb7+ Rd7 31. Rxd7+ Kxd7 32. a4 1-0

[Event "Ruhrgebiet VK3 1112"]
[Site "Nordrheinwestfalen"]
[Date "2012.01.08"]
[Round "5.8"]
[White "Rotthaus, Peter"]
[Black "Witthaus, Martin"]
[Result "1/2-1/2"]
[WhiteElo "1531"]
[BlackElo "1648"]
[PlyCount "118"]
[EventDate "2012.09.18"]
[EventType "team-tourn"]
[EventRounds "9"]
[EventCountry "GER"]
[SourceTitle "EXT 2020"]
[Source "ChessBase"]
[SourceDate "2019.10.17"]
[SourceVersion "1"]
[SourceVersionDate "2019.10.17"]
[SourceQuality "1"]
[WhiteTeam "Germania Kupferdreh"]
[BlackTeam "Eichlinghofen SV II"]
[WhiteTeamCountry "GER"]
[BlackTeamCountry "GER"]

1. c4 Nf6 2. d4 e6 3. Nc3 d5 4. Bg5 Be7 5. e3 0-0 6. Nf3 a6 7. a3 dxc4 8. Bxc4 b5 9. Bd3 Bb7 10. 0-0 Nbd7 11. Nd2 c5 12. dxc5 Nxc5 13. Be2 Nd5 14. Bxe7 Qxe7 15. Nxd5 Bxd5 16. b4 Na4 17. Bf3 Rfd8 18. Bxd5 Rxd5 19. Qf3 Rad8 20. Nb3 Qf6 21. Qxf6 gxf6 22. g3 Nb2 23. Nc5 R8d6 24. Ne4 Kg7 25. Nxd6 Rxd6 26. Ra2 Nc4 27. a4 Nd2 28. Rc1 bxa4 29. Rxa4 Nf3+ 30. Kg2 Ne5 31. Rca1 Rb6 32. Rxa6 Rxb4 33. Ra7 Rb2 34. R1a2 Rxa2 35. Rxa2 Kg6 36. Ra8 f5 37. Rg8+ Kf6 38. h4 h6 39. Kf1 Ng6 40. Ke2 e5 41. f3 Ne7 42. Rh8 Kg7 43. Ra8 Kg6 44. Ra6+ f6 45. Kd3 Nd5 46. Ra4 Nb6 47. Ra3 h5 48. Rb3 Nd7 49. Rb5 Nf8 50. Kc4 Ne6 51. Rb6 Ng7 52. Kd5 f4 53. exf4 exf4 54. g4 hxg4 55. fxg4 f3 56. g5 Nh5 57. gxf6 f2 58. Rb1 Nxf6+ 59. Ke5 Ng4+ 1/2-1/2